Schnelle Mathematik - Multiplikation im Hexadezimalsystem Level 05 - Statistiken

Allgemein
  • Dieses Quiz wurde 62 mal gespielt
  • Das Durchschnittsergebnis liegt bei 13 aus 20
Antwortstatistiken
Frage Antwort % Korrekt
0⋅2 0
100%
0⋅3 0
100%
0⋅4 0
100%
0⋅6 0
100%
5⋅0 0
100%
6⋅0 0
100%
1⋅1 1
100%
1⋅4 4
100%
5⋅1 5
100%
1⋅6 6
100%
7⋅1 7
100%
3⋅4 C
100%
2⋅4 8
83%
3⋅0 0
80%
3⋅7 15
80%
6⋅5 1E
80%
1⋅2 2
80%
6⋅6 24
80%
1⋅7 7
80%
4⋅3 C
80%
0⋅7 0
75%
1⋅0 0
75%
7⋅4 1C
75%
4⋅1 4
75%
0⋅5 0
71%
1⋅5 5
71%
0⋅0 0
67%
4⋅0 0
67%
3⋅6 12
67%
4⋅5 14
67%
5⋅4 14
67%
2⋅1 2
67%
1⋅3 3
67%
3⋅1 3
67%
2⋅3 6
67%
3⋅2 6
67%
5⋅5 19
63%
2⋅2 4
63%
0⋅1 0
60%
7⋅7 31
60%
6⋅1 6
60%
3⋅3 9
60%
2⋅6 C
60%
7⋅2 E
60%
3⋅5 F
60%
7⋅0 0
50%
7⋅6 2A
50%
4⋅2 8
50%
2⋅5 A
50%
5⋅2 A
50%
6⋅2 C
50%
2⋅7 E
50%
4⋅4 10
43%
5⋅7 23
40%
6⋅7 2A
40%
5⋅3 F
40%
4⋅6 18
33%
6⋅4 18
33%
4⋅7 1C
20%
2⋅0 0
0%
6⋅3 12
0%
7⋅3 15
0%
5⋅6 1E
0%
7⋅5 23
0%
Keine übereinstimmenden Quizze gefunden
Verteilung der Resultate
Anzahl Personen mit jedem Resultat
Perzentil nach korrekt beantworteten Fragen
Ihre Resultats-Entwicklung
Sie haben dieses Quiz noch nicht gespielt